AFL Teams in 1 minute - Statistics

General Stats
  • This quiz has been taken 23,614 times
  • The average score is 13 of 18
Answer Stats
Answer % Correct
Adelaide Crows
85%
Collingwood Magpies
83%
Brisbane Lions
82%
Carlton Blues
79%
GWS Giants
76%
Fremantle Dockers
75%
Gold Coast Suns
73%
West Coast Eagles
73%
Essendon Bombers
72%
Geelong Cats
72%
Melbourne Demons
69%
Port Adelaide Power
69%
Sydney Swans
69%
Hawthorn Hawks
68%
Richmond Tigers
67%
Western Bulldogs
67%
North Melbourne Kangaroos
63%
St Kilda Saints
57%
No matching quizzes found
Score Distribution
Percent of People with Each Score
Percentile by Number Answered
Your Score History
You have not taken this quiz